| 000 | 00894nam a22002537a 4500 | ||
|---|---|---|---|
| 001 | BRCA_9368 | ||
| 003 | FranzMayer | ||
| 005 | 20230918123457.0 | ||
| 008 | 230830b |||||||| |||| 00| 0 eng d | ||
| 020 | _a16650964 | ||
| 040 |
_aMFM _bespañol _cMFM |
||
| 050 | 0 |
_aNK1390 _bU26 2000 |
|
| 110 | 1 |
_4Responsable _aUAM _bUAM Azcapotzalco _929370 |
|
| 240 |
_aUn año de diseñarte _hNúmero 4,año 2002 _lEspañol |
||
| 245 | 0 |
_aUn año de diseñarte _bNúmero 4,año 2002 |
|
| 260 |
_aCDMX, México _bUAM _c2002 |
||
| 300 |
_a174 p _bIlustraciones a color _c26 cm |
||
| 500 | _aAnexo 1 | ||
| 505 | _aTexto en: españolIncluye índice temáticoDirigido a: artistas, estudiantes de diseño o diseñadores | ||
| 650 | 1 |
_2Diseño _aHistoria _vPublicaciones sobre el diseño _929371 |
|
| 700 | 1 |
_4Edi. _aMartínez Leal, Luisa _929372 |
|
| 710 | 1 |
_4Responsable _aGernika _929373 |
|
| 942 |
_2lcc _cH |
||
| 999 |
_c10990 _d10990 |
||